000
00265nam a2200109Ia 4500
008
200302s9999 xx 000 0 und d
100
_a
Chris Van Uffelen
245
_a
1000x Landscape Architecture
260
_b
Verlagshaus Braun
260
_c
2009
300
_a
1023 P.,
999
_c
2642
_d
2642